000 00338 a2200109 4500
001 ART_12210
005 20260410161904.0
008 260409a
245 1 0 _aImproved Stein-rules estimator for regression problems
100 1 _aVinod, H.D.
773 0 _tJournal of econometrics
_g- Vol. 12, NÂș 2 (feb. 1980)
_wREV11720
999 _c26188
_d26188